Úvodní kapitoly k pedagogické psychologii studie pro učitele ekonomických předmětů

Salvato in:
Dettagli Bibliografici
Autore principale: Vít, Karel
Ente Autore: Vysoká škola ekonomická v Praze. Národohospodářská fakulta
Natura: Libro
Lingua:ceco
Pubblicazione: Praha Státni pedagogické nakladatelství 1982
Tags: Aggiungi Tag
Nessun Tag, puoi essere il primo ad aggiungerne!!

MARC

LEADER 00000nam a2200000 4500
001 c133960
005 20190425093415.2
041 0 |a cze 
044 |a CZ 
245 1 0 |a Úvodní kapitoly k pedagogické psychologii  |b studie pro učitele ekonomických předmětů  |c Karel Vít 
264 1 |a Praha  |b Státni pedagogické nakladatelství  |c 1982 
300 |a 257 s. 
100 1 |a Vít, Karel 
710 2 |a Vysoká škola ekonomická v Praze. Národohospodářská fakulta